Plan trienal para la reconstrucción y la liberación nacional; 1974-1977 /
Guardado en:
| Formato: | Libro |
|---|---|
| Publicado: |
Buenos Aires :
,
1973
|
| Materias: | |
| Etiquetas: |
Agregar Etiqueta
Sin Etiquetas, Sea el primero en etiquetar este registro!
|
| LEADER | 00525nam a22001695a 4500 | ||
|---|---|---|---|
| 001 | CEM.cems000680 | ||
| 005 | 20060210000000.0 | ||
| 008 | 130507s1973##################000#0#####d | ||
| 003 | CEMS | ||
| 082 | 0 | 4 | |a 330.982 |
| 245 | 0 | 0 | |a Plan trienal para la reconstrucción y la liberación nacional; 1974-1977 / |
| 260 | |a Buenos Aires : |b , |c 1973 | ||
| 300 | |a 369 p. | ||
| 653 | |a Economia argentina | ||
| 653 | |a Historia argentina | ||
| 653 | |a Politica economica-argentina-1 | ||
| 859 | |a CEMS |b BIB. CEMS - 11 de abril |h 330.982 |i Ar37 |p 14323.86 |t Ej.1 | ||
